| 000 | 00382nam a2200133Ia 4500 | ||
|---|---|---|---|
| 005 | 20260328104338.0 | ||
| 008 | 260328s9999||||xx |||||||||||||| ||und|| | ||
| 100 | _aGómez Azpeitia, Luis Gabriel | ||
| 245 | 0 |
_aArquitectura,CONFORT Y CAMBIO ClimaTICO / _cLuis Gabriel Gómez Azpeitia |
|
| 260 | _bPuerta Abierta | ||
| 300 | _a397 p. | ||
| 650 | _aARQUITECTURA Y CLIMA | ||
| 942 | _cBK | ||
| 999 |
_c11989 _d11989 |
||